|
|
|
|
| LEADER |
00826cam a2200205 7i4500 |
| 001 |
0000005903 |
| 005 |
20170218090000.0 |
| 020 |
|
|
|a 1840649135 (hbk.)
|
| 090 |
0 |
0 |
|a HC79.E5
|b I43 2002
|
| 245 |
0 |
0 |
|a Implementing sustainable development :
|b integrated assessment and participatory decision-making processes
|c edited by Hussein Abaza, Andrea Baranzini.
|
| 260 |
|
|
|a Cheltenham, UK:
|b Edward Elgar,
|c 2002.
|
| 300 |
|
|
|a xii, 303 p.:
|b ill.;
|c 25 cm.
|
| 500 |
|
|
|a "Published for and in behalf of UNEP."
|
| 504 |
|
|
|a Includes bibliographical references and index
|
| 650 |
0 |
0 |
|a Economic development --
|x Environmental aspects
|
| 650 |
0 |
0 |
|a Sustainable development
|
| 700 |
1 |
|
|a Abaza, Hussein
|
| 700 |
1 |
|
|a Baranzini, Andrea
|
| 997 |
|
|
|a Business & Accountancy, Faculty
|
| 999 |
|
|
|a 0000009622
|b BOK
|c OPEN SHELF
|e 1st Floor, Bestari Jaya
|